[Event "Washington Chess Congress"]
[Site "Washington D.C."]
[Date "2015.10.07"]
[Round "1.1"]
[White "Erenburg, Sergey"]
[Black "Bhatty, Karan"]
[Result "1-0"]
[WhiteElo "2588"]
[BlackElo "2093"]
[PlyCount "71"]
[EventDate "2015.10.??"]
[EventType "swiss"]
[EventRounds "9"]
[EventCountry "USA"]

1. e4 c5 2. Nf3 Nc6 3. Bb5 g6 4. Bxc6 dxc6 5. d3 Bg7 6. h3 Nf6 7. O-O b6 8. Nc3
O-O 9. Bf4 Re8 10. Qd2 Nh5 11. Bg5 Qd7 12. e5 f5 13. Rfe1 Qc7 14. Bh6 Be6 15.
Bxg7 Kxg7 16. Ng5 Qd7 17. Ne2 h6 18. Nf3 Rad8 19. Rad1 Kh7 20. Qc3 Rg8 21. b3
Qd5 22. Qa1 g5 23. c4 Qd7 24. d4 g4 25. hxg4 fxg4 26. Nh4 g3 27. fxg3 Qe8 28.
dxc5 Rxd1 29. Qxd1 bxc5 30. Qd3+ Kh8 31. Qe3 Qf8 32. Qxc5 Nxg3 33. Qxc6 Nf5 34.
Rf1 Qg7 35. Nxf5 Qxe5 36. Ned4 1-0

[Event "Washington Chess Congress"]
[Site "Washington D.C."]
[Date "2015.10.07"]
[Round "1.2"]
[White "Macaspac, Arthur"]
[Black "Yudasin, Leonid"]
[Result "0-1"]
[WhiteElo "2083"]
[BlackElo "2515"]
[PlyCount "72"]
[EventDate "2015.10.??"]
[EventType "swiss"]
[EventRounds "9"]
[EventCountry "USA"]

1. d4 Nf6 2. c4 e6 3. Nc3 Bb4 4. e3 c5 5. Nge2 cxd4 6. exd4 d5 7. c5 Ne4 8. Bd2
Nxd2 9. Qxd2 Qd7 10. g3 O-O 11. Bh3 b6 12. cxb6 axb6 13. O-O Ba6 14. Rfc1 Nc6
15. a3 Bxe2 16. axb4 Bc4 17. Na4 Rab8 18. Bf1 Bxf1 19. Kxf1 Na7 20. Nc3 Nc8 21.
Ra6 Nd6 22. Rca1 h6 23. Qd3 Rfc8 24. b5 Rc4 25. Ra8 Qc8 26. Rxb8 Qxb8 27. Ra4
Rxa4 28. Nxa4 Qa7 29. Qb3 Qa5 30. Nc3 Qa1+ 31. Ke2 Nf5 32. Qb4 Qc1 33. g4 Qc2+
34. Ke1 Nh4 35. Na4 Ng2+ 36. Kf1 Nf4 0-1

[Event "Washington Chess Congress"]
[Site "Washington D.C."]
[Date "2015.10.07"]
[Round "1.4"]
[White "Balkhamishvili, Tamar"]
[Black "El Debs, Felipe de Cresce"]
[Result "0-1"]
[WhiteElo "2065"]
[BlackElo "2503"]
[PlyCount "101"]
[EventDate "2015.10.??"]
[EventType "swiss"]
[EventRounds "9"]
[EventCountry "USA"]

1. e4 c5 2. Nf3 g6 3. d4 cxd4 4. Nxd4 Bg7 5. c4 Nc6 6. Be3 Nf6 7. Nc3 d6 8. Be2
O-O 9. h3 Nxd4 10. Bxd4 Bd7 11. O-O Bc6 12. Qd3 a5 13. Rad1 Nd7 14. Bxg7 Kxg7
15. Nd5 Kg8 16. Kh1 Bxd5 17. exd5 Qb6 18. Rd2 a4 19. Qg3 Qb4 20. Rfd1 Ne5 21.
Qh4 Rfe8 22. f4 Nd7 23. Rc2 Rac8 24. Bd3 Rc7 25. Qf2 Qb6 26. Qxb6 Nxb6 27. b4
axb3 28. axb3 Ra8 29. b4 Ra3 30. Be2 Rb3 31. c5 Rxb4 32. c6 Na4 33. Rdc1 Nc5
34. cxb7 Rcxb7 35. g3 Rb3 36. Kg2 Re3 37. Bf3 Rbb3 38. Rf1 h5 39. Re2 Rxe2+ 40.
Bxe2 Ne4 41. Rf3 Rb2 42. Re3 f5 43. Kf3 Kf8 44. Ra3 Rd2 45. Rd3 Ra2 46. g4
hxg4+ 47. hxg4 fxg4+ 48. Kxe4 Rxe2+ 49. Kd4 Rg2 50. Ke4 Kf7 51. Ke3 0-1

[Event "Washington Chess Congress"]
[Site "Washington D.C."]
[Date "2015.10.07"]
[Round "1.5"]
[White "Zierk, Steven"]
[Black "Wang, Justin"]
[Result "1-0"]
[WhiteElo "2498"]
[BlackElo "2046"]
[PlyCount "53"]
[EventDate "2015.10.??"]
[EventType "swiss"]
[EventRounds "9"]
[EventCountry "USA"]

1. e4 c5 2. Nf3 Nc6 3. d4 cxd4 4. Nxd4 g6 5. Nc3 Bg7 6. Be3 Nf6 7. Bc4 O-O 8.
Bb3 d6 9. f3 Bd7 10. Qd2 Rc8 11. O-O-O Ne5 12. Kb1 Nc4 13. Bxc4 Rxc4 14. g4 b5
15. h4 b4 16. Nce2 Qa5 17. Bh6 Rfc8 18. Bxg7 Kxg7 19. h5 Ng8 20. hxg6 hxg6 21.
Ng3 Be6 22. Ngf5+ Kf8 23. Nxe6+ fxe6 24. Nxd6 exd6 25. Qxd6+ Kf7 26. Rh7+ Kf6
27. Qf4+ 1-0

[Event "Washington Chess Congress"]
[Site "Washington D.C."]
[Date "2015.10.07"]
[Round "1.6"]
[White "Stancil, Kimani A"]
[Black "Checa, Nicolas D"]
[Result "1-0"]
[WhiteElo "2042"]
[BlackElo "2437"]
[PlyCount "73"]
[EventDate "2015.10.??"]
[EventType "swiss"]
[EventRounds "9"]
[EventCountry "USA"]

1. e4 e6 2. d4 d5 3. Nc3 Bb4 4. e5 Ne7 5. a3 Bxc3+ 6. bxc3 c5 7. Ne2 Nbc6 8. g3
Qa5 9. Bd2 Qa4 10. Be3 b6 11. Bh3 Ba6 12. O-O cxd4 13. cxd4 Rc8 14. Re1 Na5 15.
Nf4 Qxc2 16. Qh5 Ng6 17. Nxd5 Nb3 18. Nb4 Qc3 19. Rab1 Bc4 20. Qd1 Na5 21. Qa4+
Kd8 22. Rec1 Bb3 23. Qb5 Bc4 24. Bg5+ f6 25. Rxc3 Bxb5 26. Rxc8+ Kxc8 27. Bxe6+
Kb8 28. exf6 gxf6 29. Bxf6 Re8 30. d5 Nc4 31. a4 Nd2 32. Rb2 Nf3+ 33. Kg2 Ne1+
34. Kh1 Bc4 35. f4 Rf8 36. Bg7 Rd8 37. Nc6+ 1-0

[Event "Washington Chess Congress"]
[Site "Washington D.C."]
[Date "2015.10.07"]
[Round "1.7"]
[White "Sarkar, Justin"]
[Black "Mays, Shelly"]
[Result "1-0"]
[WhiteElo "2401"]
[BlackElo "2033"]
[PlyCount "71"]
[EventDate "2015.10.??"]
[EventType "swiss"]
[EventRounds "9"]
[EventCountry "USA"]

1. d4 Nf6 2. c4 c5 3. d5 e5 4. Nc3 d6 5. e4 Be7 6. g3 Nbd7 7. Bg2 Nf8 8. Nge2
Ng6 9. a3 O-O 10. O-O h6 11. b4 b6 12. f4 exf4 13. gxf4 Nh4 14. e5 Nh7 15. Be4
Bh3 16. Rf2 f5 17. Bh1 cxb4 18. axb4 Bg4 19. Qb3 Kh8 20. Nd4 Rg8 21. Nc6 Qe8
22. Nb5 Bd8 23. h3 Qh5 24. hxg4 Qxg4+ 25. Kf1 g5 26. Nxd6 Rg7 27. Nxd8 Rxd8 28.
Bb2 Kg8 29. e6 gxf4 30. Qc3 Rxd6 31. Qxg7+ Qxg7 32. Bxg7 Kxg7 33. Rxa7+ Kg6 34.
Rd7 Rxd7 35. exd7 Nf6 36. d8=Q 1-0

[Event "Washington Chess Congress"]
[Site "Washington D.C."]
[Date "2015.10.07"]
[Round "1.8"]
[White "Prieto, Alberto"]
[Black "Mulyar, Michael"]
[Result "0-1"]
[WhiteElo "2010"]
[BlackElo "2400"]
[PlyCount "82"]
[EventDate "2015.10.??"]
[EventType "swiss"]
[EventRounds "9"]
[EventCountry "USA"]

1. f4 d5 2. Nf3 Nf6 3. g3 g6 4. Bg2 Bg7 5. O-O O-O 6. d3 c5 7. Nc3 d4 8. Na4
Qa5 9. c4 Bd7 10. b3 Qc7 11. Bd2 Bxa4 12. bxa4 Nc6 13. Rb1 Rab8 14. h3 Nd7 15.
Ng5 h6 16. Ne4 f5 17. Nf2 e5 18. Qc1 Kh7 19. h4 Nf6 20. Bf3 Rfe8 21. e4 dxe3
22. Bxe3 b6 23. g4 exf4 24. Bxf4 Ne5 25. Bg2 fxg4 26. Ne4 Nh5 27. Bxe5 Qxe5 28.
Qd1 Ng3 29. Rf7 Nxe4 30. dxe4 Rf8 31. Rxa7 Qf4 32. Qd7 Qf2+ 33. Kh1 Qxh4+ 34.
Kg1 Rg8 35. Rf1 Rbd8 36. Qe7 Qg3 37. Qc7 Qe3+ 38. Kh1 Rd2 39. e5 Qg3 40. Qb7
Qh4+ 41. Kg1 g3 0-1

[Event "Washington Chess Congress"]
[Site "Washington D.C."]
[Date "2015.10.07"]
[Round "1.9"]
[White "Kaufman, Larry C"]
[Black "De Fotis, Gary"]
[Result "1/2-1/2"]
[WhiteElo "2306"]
[BlackElo "1998"]
[PlyCount "84"]
[EventDate "2015.10.??"]
[EventType "swiss"]
[EventRounds "9"]
[EventCountry "USA"]

1. e4 c5 2. Nf3 d6 3. Bb5+ Nd7 4. O-O Ngf6 5. Re1 a6 6. Bd3 g6 7. c3 Bg7 8. Bc2
O-O 9. d4 Qc7 10. h3 e6 11. a4 b6 12. Bg5 Bb7 13. Nbd2 Rfe8 14. e5 Nd5 15. Nc4
dxe5 16. dxe5 Rf8 17. Nd6 h6 18. Bd2 Bc6 19. Qc1 Nxe5 20. Nxe5 Bxe5 21. Rxe5
Qxd6 22. Qe1 Kg7 23. Rd1 Qe7 24. c4 Nb4 25. Bb1 Rad8 26. b3 a5 27. Qe3 Qh4 28.
Re1 Rd4 29. Bc3 Rfd8 30. Kh2 Qf6 31. Qg3 Kf8 32. Bxd4 Rxd4 33. Be4 Rd2 34. Bxc6
Nxc6 35. R5e2 Rd7 36. Re4 Nd4 37. Rf4 Nf5 38. Qf3 Qb2 39. Re2 Qc1 40. g3 Qf1
41. Ree4 Rd1 42. Qg2 Qd3 1/2-1/2

[Event "Washington Chess Congress"]
[Site "Washington D.C."]
[Date "2015.10.07"]
[Round "1.10"]
[White "Balck, Eric"]
[Black "Velikanov, Alexander"]
[Result "0-1"]
[WhiteElo "1974"]
[BlackElo "2304"]
[PlyCount "82"]
[EventDate "2015.10.??"]
[EventType "swiss"]
[EventRounds "9"]
[EventCountry "USA"]

1. e4 c5 2. Nf3 e6 3. c3 d5 4. exd5 Qxd5 5. d4 Nf6 6. Bd3 Nc6 7. O-O Be7 8.
dxc5 Qxc5 9. Qe2 O-O 10. Bg5 h6 11. b4 Qd6 12. Bh4 Nd5 13. Bxe7 Qxe7 14. Bc2
Qf6 15. a3 a6 16. Ra2 b5 17. Qe4 Rd8 18. c4 bxc4 19. Qxc4 Bb7 20. Nbd2 Rac8 21.
Qg4 Ne5 22. Nxe5 Qxe5 23. Qe4 Qb8 24. Qh7+ Kf8 25. Ne4 Qe5 26. Nc5 Rxc5 27.
bxc5 Nf6 28. Qh8+ Ke7 29. Qxg7 Rg8 30. Qxg8 Nxg8 31. Raa1 Qd5 32. f3 Qxc5+ 33.
Rf2 Nf6 34. Rb1 Bc6 35. a4 Nd5 36. g3 Nb4 37. Bh7 Bxf3 38. Kf1 Bd5 39. Bg8 f5
40. a5 Qxa5 41. Rc1 Nd3 0-1

[Event "Washington Chess Congress"]
[Site "Washington D.C."]
[Date "2015.10.07"]
[Round "1.11"]
[White "Brodsky, David"]
[Black "Huang, Andy"]
[Result "1-0"]
[WhiteElo "2251"]
[BlackElo "1965"]
[PlyCount "77"]
[EventDate "2015.10.??"]
[EventType "swiss"]
[EventRounds "9"]
[EventCountry "USA"]

1. e4 c5 2. Nf3 Nc6 3. d4 cxd4 4. Nxd4 g6 5. c4 Nf6 6. Nc3 d6 7. Be2 Nxd4 8.
Qxd4 Bg7 9. Bg5 O-O 10. Qd2 Be6 11. Rc1 Qa5 12. f3 Rfc8 13. b3 a6 14. h4 b5 15.
Nd5 Qxd2+ 16. Kxd2 Bxd5 17. cxd5 h6 18. Bf4 b4 19. Rxc8+ Rxc8 20. Rc1 Rxc1 21.
Kxc1 a5 22. Bb5 Nh5 23. Be3 f5 24. Bb6 Nf4 25. Bf1 fxe4 26. fxe4 Bf6 27. Bxa5
Bxh4 28. Bxb4 g5 29. Ba5 Bf2 30. b4 h5 31. b5 h4 32. b6 g4 33. b7 Ba7 34. Bb6
Bb8 35. a4 h3 36. gxh3 gxh3 37. Bxh3 Nxh3 38. a5 Nf4 39. Kc2 1-0

[Event "Washington Chess Congress"]
[Site "Washington D.C."]
[Date "2015.10.07"]
[Round "1.12"]
[White "Yagiz, Bora"]
[Black "Yu, Jennifer"]
[Result "0-1"]
[WhiteElo "1952"]
[BlackElo "2220"]
[PlyCount "76"]
[EventDate "2015.10.??"]
[EventType "swiss"]
[EventRounds "9"]
[EventCountry "USA"]

1. e4 c5 2. Nf3 d6 3. d4 cxd4 4. Qxd4 Nc6 5. Bb5 Bd7 6. Bxc6 Bxc6 7. Nc3 Nf6 8.
Bg5 e6 9. O-O-O Be7 10. Rhe1 Qc7 11. Nd5 exd5 12. exd5 Nxd5 13. Qxg7 O-O-O 14.
Rxd5 Rhg8 15. Qd4 f6 16. Be3 Bxd5 17. Qxd5 Kb8 18. Nd4 Rc8 19. Bf4 Ka8 20. c3
Qc5 21. Qxc5 dxc5 22. Nf5 Bd8 23. Nh6 Rxg2 24. Re8 Rxf2 25. Be3 Re2 26. Nf7
Rxe3 27. Rxe3 Bc7 28. Rh3 h6 29. Kc2 Bf4 30. Rf3 Bg5 31. Nd6 Rf8 32. Ne4 b6 33.
c4 Re8 34. Kd3 Rd8+ 35. Kc3 Rf8 36. a4 f5 37. Nd6 f4 38. Nb5 Rd8 {After time
scramble, black eventually won} 0-1

[Event "Washington Chess Congress"]
[Site "Washington D.C."]
[Date "2015.10.07"]
[Round "1.13"]
[White "Taborsky, Rostislav"]
[Black "Helfst, Matt"]
[Result "1-0"]
[WhiteElo "2220"]
[BlackElo "1938"]
[PlyCount "97"]
[EventDate "2015.10.??"]
[EventType "swiss"]
[EventRounds "9"]
[EventCountry "USA"]

1. d4 d5 2. c4 e6 3. Nf3 Be7 4. g3 Nf6 5. Bg2 O-O 6. O-O c6 7. Qc2 Nbd7 8. Rd1
b6 9. Nc3 Qc7 10. Bf4 Bd6 11. Bxd6 Qxd6 12. e4 Nxe4 13. Nxe4 dxe4 14. Qxe4 Nf6
15. Qe2 Ba6 16. Ne5 Rac8 17. Rac1 c5 18. dxc5 Qxc5 19. a3 Rcd8 20. b4 Rxd1+ 21.
Rxd1 Qc7 22. Nc6 Bb7 23. Qe5 Qxe5 24. Nxe5 Bxg2 25. Kxg2 g6 26. f4 Rc8 27. Kf3
h5 28. h3 Kg7 29. g4 hxg4+ 30. hxg4 Rc7 31. Rd8 Ng8 32. g5 Ne7 33. Ke4 Nf5 34.
a4 Ne7 35. b5 Nf5 36. Rd7 Rxd7 37. Nxd7 Nd6+ 38. Kd4 Nb7 39. c5 bxc5+ 40. Nxc5
Nd6 41. Ne4 Nb7 42. Kc4 Kf8 43. Kb4 Ke7 44. a5 Nd8 45. a6 Kd7 46. b6 axb6 47.
Kb5 Kc7 48. Nd6 e5 49. a7 1-0

[Event "Washington Chess Congress"]
[Site "Washington D.C."]
[Date "2015.10.07"]
[Round "1.14"]
[White "Jian, Alex"]
[Black "Darmonovic, Srdjan"]
[Result "1/2-1/2"]
[WhiteElo "1907"]
[BlackElo "2211"]
[PlyCount "48"]
[EventDate "2015.10.??"]
[EventType "swiss"]
[EventRounds "9"]
[EventCountry "USA"]

1. d4 Nf6 2. c4 e6 3. Nc3 Bb4 4. Qc2 d6 5. Nf3 Nbd7 6. a3 Bxc3+ 7. Qxc3 O-O 8.
Bg5 h6 9. Bh4 b6 10. e3 Bb7 11. Be2 Qe7 12. O-O c5 13. Rfd1 Rfd8 14. b4 Rac8
15. Qb2 Rc7 16. h3 Rdc8 17. dxc5 bxc5 18. b5 Qf8 19. Bg3 Ne4 20. Bh2 e5 21. Nd2
Nef6 22. Bf3 Bxf3 23. Nxf3 Qe7 24. a4 Qe6 1/2-1/2

[Event "Washington Chess Congress"]
[Site "Washington D.C."]
[Date "2015.10.07"]
[Round "1.15"]
[White "Gorti, Akshita"]
[Black "Strenzwilk, Denis"]
[Result "1-0"]
[WhiteElo "2211"]
[BlackElo "1852"]
[PlyCount "107"]
[EventDate "2015.10.??"]
[EventType "swiss"]
[EventRounds "9"]
[EventCountry "USA"]

1. d4 d5 2. c4 Bf5 3. Nc3 e6 4. Nf3 c6 5. Qb3 Qb6 6. c5 Qxb3 7. axb3 Nf6 8. Bf4
Nbd7 9. b4 Be7 10. b5 O-O 11. bxc6 bxc6 12. h3 Ne4 13. g4 Bg6 14. Nd1 f6 15. b4
e5 16. dxe5 fxe5 17. Nxe5 Rxf4 18. Nxd7 Bh4 19. e3 Rf7 20. Ne5 Nxf2 21. Nxg6
hxg6 22. Nxf2 Rxf2 23. Kd1 Rb2 24. Bd3 Rxb4 25. Ra6 Rab8 26. Rf1 Rb3 27. Bxg6
Rxe3 28. Rxc6 Bf6 29. Ra6 Rxh3 30. Rxa7 Rg3 31. c6 Rxg4 32. c7 Rc8 33. Bf5 Rd4+
34. Ke2 Re8+ 35. Kf3 Rc4 36. Bd7 Rc3+ 37. Kg2 Re2+ 38. Kh1 Rec2 39. Ra8+ Kf7
40. c8=Q Rxc8 41. Rxc8 Rxc8 42. Bxc8 Ke7 43. Rf5 d4 44. Rd5 Kf7 45. Kg2 g6 46.
Kf3 Kg7 47. Rd7+ Kh6 48. Kg4 Bg7 49. Ba6 Bf6 50. Bc4 Bg7 51. Bg8 d3 52. Rxd3
Bb2 53. Rd7 Bc3 54. Rh7# 1-0

[Event "Washington Chess Congress"]
[Site "Washington D.C."]
[Date "2015.10.07"]
[Round "1.16"]
[White "Collier, Philip"]
[Black "Samuelson, Andrew"]
[Result "0-1"]
[WhiteElo "1837"]
[BlackElo "2185"]
[PlyCount "142"]
[EventDate "2015.10.??"]
[EventType "swiss"]
[EventRounds "9"]
[EventCountry "USA"]

1. Nf3 c5 2. g3 b6 3. Bg2 Bb7 4. O-O Nf6 5. c4 e6 6. Nc3 Be7 7. b3 O-O 8. Bb2
d6 9. Re1 Nbd7 10. d4 cxd4 11. Qxd4 a6 12. Rad1 Qc7 13. Rc1 Rac8 14. h3 Qb8 15.
g4 Rfd8 16. g5 Ne8 17. e4 Ne5 18. h4 Ba8 19. Na4 b5 20. Nb6 Rc5 21. Nxa8 Qxa8
22. cxb5 axb5 23. a3 f6 24. Nxe5 dxe5 25. Qe3 Qc6 26. b4 Rxc1 27. Rxc1 Qb7 28.
Bh3 Kf7 29. gxf6 gxf6 30. Qe2 Ng7 31. Kh2 Qb6 32. Rg1 Bd6 33. Bc1 Bf8 34. Be3
Qb7 35. Bh6 Qd7 36. Qg4 Kg8 37. Qg3 Re8 38. Qf3 Qf7 39. Rc1 Kh8 40. Bg5 f5 41.
Bh6 Bd6 42. Rc6 Bb8 43. Kh1 Rg8 44. Bg5 Ba7 45. exf5 exf5 46. Bf6 Bd4 47. Qxf5
Rf8 48. f3 Kg8 49. Qg5 Qg6 50. Qxg6 hxg6 51. Bg4 Nf5 52. Bxf5 gxf5 53. Re6 Kf7
54. Rc6 Rg8 55. Bg5 e4 56. fxe4 fxe4 57. Kg2 Ra8 58. Rc7+ Ke6 59. Rb7 Rxa3 60.
Rxb5 Ra2+ 61. Kf1 e3 62. Bxe3 Bxe3 63. Ra5 Rb2 64. Ra8 Kf5 65. Rf8+ Ke4 66.
Re8+ Kf3 67. Rf8+ Bf4 68. Re8 Rh2 69. Kg1 Rxh4 70. Rf8 Rh5 71. Rf7 Rd5 0-1

[Event "Washington Chess Congress"]
[Site "Washington D.C."]
[Date "2015.10.07"]
[Round "1.17"]
[White "Sena, Juan Oscar"]
[Black "Dommalapati, Aasa"]
[Result "1-0"]
[WhiteElo "2101"]
[BlackElo "1646"]
[PlyCount "45"]
[EventDate "2015.10.??"]
[EventType "swiss"]
[EventRounds "9"]
[EventCountry "USA"]

1. e4 c5 2. Nf3 Nc6 3. Bb5 g6 4. Bxc6 dxc6 5. h3 Bg7 6. d3 Nf6 7. O-O O-O 8.
Nc3 Nd7 9. Be3 e5 10. Qd2 b6 11. Nh2 Nf6 12. f4 exf4 13. Bxf4 Nh5 14. Be3 Be6
15. Nf3 Ng3 16. Rf2 f5 17. e5 Qc7 18. Bh6 Rfe8 19. Bxg7 Qxg7 20. Qg5 Nh5 21. g4
fxg4 22. hxg4 Bxg4 23. Qxg4 1-0

[Event "Washington Chess Congress"]
[Site "Washington D.C."]
[Date "2015.10.08"]
[Round "2.1"]
[White "Yudasin, Leonid"]
[Black "Taborsky, Rostislav"]
[Result "1-0"]
[WhiteElo "2515"]
[BlackElo "2220"]
[PlyCount "67"]
[EventDate "2015.10.??"]
[EventType "swiss"]
[EventRounds "9"]
[EventCountry "USA"]

1. e4 c5 2. Nf3 e6 3. b3 Nc6 4. Bb2 Nge7 5. Nc3 a6 6. g3 e5 7. Bg2 d6 8. O-O g6
9. d3 Bg7 10. Nd2 O-O 11. Nc4 b5 12. Ne3 Be6 13. Ncd5 Bxd5 14. exd5 Nd4 15. c3
Ndf5 16. Nc2 h5 17. a4 Qb6 18. axb5 axb5 19. b4 Ra4 20. Rxa4 bxa4 21. Ba3 cxb4
22. Bxb4 Ra8 23. Na3 Ra6 24. Be4 Qa7 25. Qe2 Qd7 26. Ra1 Ra8 27. Nc4 Nc8 28.
Bxf5 Qxf5 29. Bxd6 Nxd6 30. Nxd6 Qd7 31. Nc4 Qb5 32. d6 e4 33. Qxe4 Bxc3 34.
Qxa8+ 1-0

[Event "Washington Chess Congress"]
[Site "Washington D.C."]
[Date "2015.10.08"]
[Round "2.2"]
[White "El Debs, Felipe de Cresce"]
[Black "Gorti, Akshita"]
[Result "1-0"]
[WhiteElo "2503"]
[BlackElo "2220"]
[PlyCount "73"]
[EventDate "2015.10.??"]
[EventType "swiss"]
[EventRounds "9"]
[EventCountry "USA"]

1. d4 e6 2. c4 Nf6 3. Nc3 Bb4 4. e3 O-O 5. Bd3 d5 6. cxd5 exd5 7. Nge2 Nbd7 8.
O-O Bd6 9. Nf4 c6 10. f3 Qc7 11. g3 Bxf4 12. exf4 c5 13. Be3 Re8 14. Qd2 b6 15.
Rac1 c4 16. Bb1 Nf8 17. g4 Qc6 18. Ne2 b5 19. Ng3 a5 20. g5 N6d7 21. f5 b4 22.
Rfe1 Ba6 23. Qg2 Kh8 24. Qh3 Qb6 25. Bf2 c3 26. b3 a4 27. Nh5 axb3 28. axb3 g6
29. Nf4 Bb7 30. f6 Nxf6 31. gxf6 Qxf6 32. Nd3 Ne6 33. Ne5 Ng5 34. Qg3 Rec8 35.
Kg2 Ra1 36. Nd7 Qd8 37. Qe5+ 1-0

[Event "Washington Chess Congress"]
[Site "Washington D.C."]
[Date "2015.10.08"]
[Round "2.3"]
[White "Yu, Jennifer"]
[Black "Zierk, Steven"]
[Result "0-1"]
[WhiteElo "2220"]
[BlackElo "2498"]
[PlyCount "68"]
[EventDate "2015.10.??"]
[EventType "swiss"]
[EventRounds "9"]
[EventCountry "USA"]

1. c4 Nf6 2. Nc3 d5 3. cxd5 Nxd5 4. g3 g6 5. Bg2 Nb6 6. Nf3 Bg7 7. O-O Nc6 8.
d3 O-O 9. Be3 e5 10. Qd2 Nd4 11. Bxd4 exd4 12. Ne4 Nd5 13. Rac1 b6 14. Qc2 c5
15. a3 Bb7 16. Ned2 Re8 17. Rfe1 Re6 18. h4 h6 19. Nc4 f5 20. Qd2 Qe7 21. e4
dxe3 22. Nxe3 Re8 23. Nc4 Nc7 24. Rxe6 Nxe6 25. Re1 Qd8 26. b4 Kh7 27. Re3 b5
28. Na5 Bd5 29. Qe1 cxb4 30. axb4 Qd6 31. Kh2 f4 32. Re2 Bxf3 33. Bxf3 Nd4 34.
Be4 Rxe4 0-1

[Event "Washington Chess Congress"]
[Site "Washington D.C."]
[Date "2015.10.08"]
[Round "2.4"]
[White "Samuelson, Andrew"]
[Black "Sarkar, Justin"]
[Result "0-1"]
[WhiteElo "2185"]
[BlackElo "2401"]
[PlyCount "86"]
[EventDate "2015.10.??"]
[EventType "swiss"]
[EventRounds "9"]
[EventCountry "USA"]

1. e4 c6 2. d4 d5 3. e5 Bf5 4. Nf3 e6 5. Be2 c5 6. Be3 Qb6 7. Nc3 Nc6 8. O-O
Qxb2 9. Nb5 c4 10. Nc7+ Kd7 11. Nxa8 Bxc2 12. Qc1 Ba3 13. Qxb2 Bxb2 14. Rab1
Bxb1 15. Rxb1 c3 16. Ne1 Nge7 17. Nd3 Rxa8 18. Nxb2 cxb2 19. Rxb2 b6 20. g4 Rc8
21. Ba6 Rc7 22. f4 Na5 23. Bf2 Rc1+ 24. Kg2 Nc4 25. Rb3 Nc6 26. Rh3 h6 27. f5
Rc2 28. Bb5 a6 29. Bxa6 Nxd4 30. f6 gxf6 31. exf6 Rxa2 32. Bxc4 dxc4 33. Rc3 b5
34. Rc1 e5 35. h4 Ke6 36. Kf1 Kxf6 37. Be3 Rh2 38. g5+ Kg6 39. gxh6 Rh1+ 40.
Kf2 Rxc1 41. Bxc1 b4 42. h5+ Kh7 43. Ke3 f5 0-1

[Event "Washington Chess Congress"]
[Site "Washington D.C."]
[Date "2015.10.08"]
[Round "2.5"]
[White "Mulyar, Michael"]
[Black "Sena, Juan Oscar"]
[Result "1-0"]
[WhiteElo "2400"]
[BlackElo "2101"]
[PlyCount "89"]
[EventDate "2015.10.??"]
[EventType "swiss"]
[EventRounds "9"]
[EventCountry "USA"]

1. d4 d5 2. Nf3 Nf6 3. c4 c6 4. Nc3 a6 5. e3 b5 6. c5 Nbd7 7. a3 g6 8. b4 a5 9.
Bb2 Bg7 10. Be2 Qc7 11. O-O O-O 12. Qc2 e5 13. Nxe5 Nxe5 14. dxe5 Ng4 15. Bxg4
Bxg4 16. f4 f6 17. exf6 Bxf6 18. Qd2 Rfe8 19. Nxd5 cxd5 20. Bxf6 axb4 21. axb4
Qc6 22. Bd4 Ra4 23. Rxa4 bxa4 24. Qc3 Bf5 25. Ra1 Be4 26. Bh8 Re7 27. Qf6 Qe8
28. Qb2 Qb5 29. Bc3 Ra7 30. h3 a3 31. Qd2 Qd3 32. Qxd3 Bxd3 33. c6 Rc7 34. Rxa3
Rxc6 35. g4 h5 36. Bd4 Rc1+ 37. Kf2 Bc4 38. Ra7 Bd3 39. b5 Bxb5 40. Rg7+ Kf8
41. Rxg6 Bd3 42. Rh6 hxg4 43. hxg4 Rc2+ 44. Kg3 Be4 45. f5 1-0

[Event "Washington Chess Congress"]
[Site "Washington D.C."]
[Date "2015.10.08"]
[Round "2.6"]
[White "Velikanov, Alexander"]
[Black "Stancil, Kimani A"]
[Result "1-0"]
[WhiteElo "2304"]
[BlackElo "2042"]
[PlyCount "81"]
[EventDate "2015.10.??"]
[EventType "swiss"]
[EventRounds "9"]
[EventCountry "USA"]

1. d4 Nf6 2. c4 e6 3. Nf3 d6 4. Nc3 Nbd7 5. e4 e5 6. Be2 Be7 7. O-O O-O 8. Re1
Re8 9. Bf1 h6 10. h3 Nh7 11. Nd5 Bf8 12. Be3 Re6 13. Qd2 Rg6 14. Kh1 c6 15. Nc3
Qf6 16. b4 Ng5 17. Nxg5 hxg5 18. d5 g4 19. hxg4 Qh4+ 20. Kg1 Qxg4 21. Qe2 Qh4
22. g3 Nf6 23. Bg2 Qh7 24. dxc6 bxc6 25. b5 Ng4 26. bxc6 Nh2 27. Nd5 Bg4 28. f3
Bxf3 29. Bxf3 Rxg3+ 30. Bg2 Ng4 31. Kf1 Nh2+ 32. Kg1 Ng4 33. Bd2 Qh2+ 34. Kf1
Qh4 35. c7 Nh2+ 36. Kg1 Nf3+ 37. Qxf3 Rxf3 38. Bxf3 Re8 39. Rab1 Re6 40. c8=Q
Rg6+ 41. Bg2 1-0

[Event "Washington Chess Congress"]
[Site "Washington D.C."]
[Date "2015.10.08"]
[Round "2.7"]
[White "Shen, Christopher"]
[Black "Brodsky, David"]
[Result "0-1"]
[WhiteElo "2081"]
[BlackElo "2251"]
[PlyCount "94"]
[EventDate "2015.10.??"]
[EventType "swiss"]
[EventRounds "9"]
[EventCountry "USA"]

1. c4 c6 2. g3 d5 3. Nf3 Nf6 4. Bg2 Bf5 5. cxd5 cxd5 6. Qb3 Nc6 7. d3 e5 8. O-O
Qd7 9. Rd1 Rc8 10. Bd2 Bc5 11. e3 O-O 12. Na3 Bg4 13. Rdc1 Bb6 14. Bc3 d4 15.
exd4 Bxf3 16. Bxf3 Nxd4 17. Bxd4 Bxd4 18. Nc2 Bb6 19. Ne3 Rcd8 20. Rd1 h5 21.
Bh1 Ng4 22. Nxg4 Qxg4 23. Rac1 h4 24. Rc4 Rd4 25. Bg2 hxg3 26. hxg3 Rfd8 27.
Rxd4 Bxd4 28. Kf1 Rd6 29. Rd2 Rb6 30. Qa4 Rf6 31. Qe8+ Kh7 32. Be4+ g6 33. Kg2
Kg7 34. Qe7 Qg5 35. Qb4 Rb6 36. f4 Qxg3+ 37. Kxg3 exf4+ 38. Kxf4 Rxb4 39. a3
Rxb2 40. Rxb2 Bxb2 41. Bxb7 Bxa3 42. d4 Kf6 43. Bc8 Bd6+ 44. Ke4 a5 45. Bd7 Ke7
46. Bc6 f5+ 47. Kf3 g5 0-1

[Event "Washington Chess Congress"]
[Site "Washington D.C."]
[Date "2015.10.08"]
[Round "2.9"]
[White "Potula, Kapish"]
[Black "Kaufman, Larry C"]
[Result "1/2-1/2"]
[WhiteElo "1902"]
[BlackElo "2306"]
[PlyCount "43"]
[EventDate "2015.10.??"]
[EventType "swiss"]
[EventRounds "9"]
[EventCountry "USA"]

1. d4 Nf6 2. c4 e6 3. Nc3 Bb4 4. a3 Bxc3+ 5. bxc3 c5 6. e3 O-O 7. Bd3 Nc6 8.
Ne2 b6 9. e4 Ne8 10. Be3 cxd4 11. cxd4 Ba6 12. O-O Rc8 13. Rc1 Na5 14. c5 Bxd3
15. Qxd3 bxc5 16. dxc5 Nc6 17. Rfd1 Qh4 18. f3 Nf6 19. Bf2 Qg5 20. Be3 Qh4 21.
Bf2 Qg5 22. Be3 1/2-1/2

[Event "Washington Chess Congress"]
[Site "Washington D.C."]
[Date "2015.10.08"]
[Round "2.10"]
[White "Tia Jr, Rudy"]
[Black "Jian, Alex"]
[Result "1/2-1/2"]
[WhiteElo "2146"]
[BlackElo "1907"]
[PlyCount "86"]
[EventDate "2015.10.??"]
[EventType "swiss"]
[EventRounds "9"]
[EventCountry "USA"]

1. b3 Nf6 2. Bb2 d5 3. e3 c5 4. f4 g6 5. Nf3 Bg7 6. Bb5+ Bd7 7. Qe2 O-O 8. Bxd7
Nbxd7 9. O-O Qc7 10. d3 Ne8 11. Bxg7 Kxg7 12. c4 Nef6 13. Nc3 Qd6 14. Nb5 Qc6
15. Qb2 a6 16. Nc3 Kg8 17. Ne5 Qd6 18. Ne2 Qe6 19. Rf3 Nxe5 20. fxe5 Nd7 21. d4
cxd4 22. exd4 dxc4 23. Nf4 Qb6 24. Nd5 c3 25. Qf2 Qd8 26. Nxc3 Kg7 27. Ne4 f6
28. exf6+ exf6 29. Nd6 Qb6 30. Nc4 Qc7 31. Re1 Rae8 32. Rfe3 Rxe3 33. Qxe3 b5
34. Nd2 Qc2 35. a4 Nb6 36. Nf1 Nd5 37. Qf3 Rd8 38. Ne3 Qc3 39. Qg3 Nxe3 40.
Qxe3 Qxd4 41. Qxd4 Rxd4 42. Re7+ Kh6 43. Re6 Rd3 1/2-1/2